000 00406nam a2200157Ia 4500
008 240729s9999 xx 000 0 und d
022 _a2757-6256
245 0 _aTurkish Archives of Pediatrics
260 _aTürkiye
260 _bAVES Yayincilik
650 _a Pediatrics
650 _aMedicine
856 _uhttps://doaj.org/toc/2cc049c8debf4ae5ac2ab3cbe1fa6939
942 _2ddc
942 _cDOAJEJ
999 _c73801
_d73801
945 _a1
_bMadushi Gamage
_c1
_dMadushi Gamage